Times Tables - 4x - Statistics

General Stats
  • This quiz has been taken 146 times
  • The average score is 12 of 12
Answer Stats
Equation Answer % Correct
3x4 12
100%
1x4 4
100%
2x4 8
100%
4x4 16
99%
5x4 20
99%
6x4 24
97%
7x4 28
97%
8x4 32
93%
9x4 36
93%
10x4 40
93%
11x4 44
93%
12x4 48
93%
No matching quizzes found
Score Distribution
Percent of People with Each Score
Percentile by Number Answered
Your Score History
You have not taken this quiz